Gustavo, el fantasma tímido (Record no. 209865)
[ view plain ]
| 000 -CABECERA | |
|---|---|
| campo de control de longitud fija | 00779nam a2200253 a 4500 |
| 005 - FECHA Y HORA DE LA ÚLTIMA TRANSACCIÓN | |
| campo de control | 20240206100317.0 |
| 008 - DATOS DE LONGITUD FIJA--INFORMACIÓN GENERAL | |
| campo de control de longitud fija | 230626s2020 sp a||||r|||| 000 1 spa d |
| 020 ## - NÚMERO INTERNACIONAL NORMALIZADO PARA LIBROS | |
| Número Internacional Normalizado del libro | 9788414025574 |
| 040 ## - FUENTE DE CATALOGACIÓN | |
| Agencia de catalogación original | MX-MxUPN |
| Idioma de catalogación | spa |
| Agencia que realiza la transcripción | MX-MxUPN |
| 041 1# - | |
| -- | spa |
| -- | eng |
| 050 00 - | |
| -- | PZ7.1 |
| -- | D69 2020 |
| 100 1# - | |
| -- | Drago, Flavia Z. |
| -- | 50470 |
| 245 10 - MENCIÓN DE TÍTULO | |
| Título | Gustavo, el fantasma tímido |
| 260 ## - PUBLICACION, DISTRIBUCION, ETC. (PIE DE IMPRENTA) | |
| Lugar de publicación, distribución, etc. | Madrid : |
| Nombre del editor, distribuidor, etc. | Edelvives, |
| Fecha de publicación, distribución, etc. | 2020 |
| 300 ## - DESCRIPCIÓN FÍSICA | |
| Extensión | [18] páginas : |
| Otros detalles físicos | ilustraciones |
| 500 ## - NOTA GENERAL | |
| Nota general | Donación |
| 500 ## - NOTA GENERAL | |
| Nota general | Traducción de: Gustavo, the shy ghost. |
| 650 #4 - | |
| -- | Cuentos de fantasmas |
| -- | 11720 |
| 650 #4 - | |
| -- | Timidez |
| -- | Literatura infantil |
| -- | 50471 |
| 650 #4 - | |
| -- | Amistad |
| -- | Literatura infantil |
| -- | 50472 |
| 902 ## - ELEMENTOS DE DATOS B LOCAL, LDB (RLIN) | |
| Creó | MarisolLicea/260623 |
| Modificó | Víctor Ruiz/271023 |
| 942 ## - ELEMENTOS DE PUNTO DE ACCESO ADICIONAL (KOHA) | |
| Fuente del sistema de clasificación o colocación | Library of Congress Classification |
| Tipo de ítem Koha | Libro |
| Estado de retiro | Estado de pérdida | Fuente del sistema de clasificación o colocación | Estado dañado | No para préstamo | Código de colección | Localización permanente | Ubicación/localización actual | Ubicación en estantería | Fecha de adquisición | Total de préstamos | Signatura topográfica completa | Código de barras | Fecha visto por última vez | Fecha del último préstamo | Tipo de ítem Koha |
|---|---|---|---|---|---|---|---|---|---|---|---|---|---|---|---|
| Library of Congress Classification | Infantil | Bib. Gregorio Torres Quintero | Bib. Gregorio Torres Quintero | Sala infantil Planta baja | 26/06/2023 | 5 | PZ7.1 D69 2020 | 336707 | 21/08/2024 | 19/06/2024 | Libro |
